000 00486nmm a2200157Ia 4500
008 251105s9999||||xx |||||||||||||||||und||
020 _a9788431532604
041 _aspa
100 _aCaviezel, Giovanni
245 0 _aLos mejores cuentos musicalizados
264 _a[Madrid, España] :
_bDe Vecchi,
_c[Fecha de publicación no identificada]
300 _a0 páginas
650 _aTeen & Young Adult Fiction
856 _uhttps://public.digitaliapublishing.com/a/121513
942 _cCF
999 _c81316
_d81316